Brand Logos Quiz #3 - Statistics

General Stats
  • This quiz has been taken 61 times
  • The average score is 8 of 20
Answer Stats
Picture Answer % Correct
gucci
85%
lg
78%
paypal
74%
yt
74%
rayban
65%
virgin
59%
Goodyear
54%
trix
39%
goldfish
37%
klm
33%
aol
28%
alitalia
26%
emirates
26%
twinkies
26%
pocky
24%
canadiens
17%
ressee
17%
nutralpal
2%
smores brand
2%
newton
0%
No matching quizzes found
Score Distribution
Percent of People with Each Score
Percentile by Number Answered
Your Score History
You have not taken this quiz